| 000 | 00410nam a22001697a 4500 | ||
|---|---|---|---|
| 003 | CEME | ||
| 005 | 20210628204732.0 | ||
| 008 | 210222b xxu||||| |||| 00| 0 eng d | ||
| 020 | _a0-306-45090-9 | ||
| 040 | _c. | ||
| 082 | _a520 MOT'S | ||
| 100 |
_aMotz, Lloyd Weaver, Jefferson Hane _972052 |
||
| 245 | _aThe story of astronomy | ||
| 260 |
_aNEWYORK _bPLENUM _c1995 |
||
| 300 | _a387P | ||
| 942 |
_cBK _2ddc |
||
| 999 |
_c578256 _d578256 |
||